| 000 | 00673nam a2200241Ia 4500 | ||
|---|---|---|---|
| 008 | 160114s9999 xx 000 0 und d | ||
| 020 | _a0-786817976 | ||
| 050 | _aFic | ||
| 050 | _b.W819o 2004 | ||
| 100 | _aKomorn, Julie | ||
| 245 |
_aOut of the dark / _cadapted by Julie Komorn. |
||
| 260 |
_aNew York : _bDisney Enterprises Inc. _c2004 |
||
| 300 |
_a128 pages; _billustrations ; _c19 cm. |
||
| 440 | _a W.i.t.c.h, | ||
| 440 | _v#8 | ||
| 500 | _a"Comic inserts inside!"--Cover. | ||
| 650 | _aFriendship -- | ||
| 650 | _aMagic -- | ||
| 650 | _aTeenagers -- | ||
| 650 | _xJuvenile fiction. | ||
| 650 | _xJuvenile fiction. | ||
| 650 | _xJuvenile fiction. | ||
| 999 |
_c290389 _d290389 |
||